| 000 | 00557ntaaa2200193 4500 | ||
|---|---|---|---|
| 003 | 01 | ||
| 005 | 20251027201532.0 | ||
| 008 | 0714s1973 ag 01 | ||
| 040 |
_aAR-BaBN _bspa _cAR-BaBN _eaacr _dRIC |
||
| 082 | _a227.5000 W83 | ||
| 100 |
_aWolcott, Leonard T. _914017 |
||
| 245 | _aMeditations on Ephesians | ||
| 250 | _a1 ed. | ||
| 260 |
_aNY : _bAbingdon Press, _cc1965 |
||
| 300 | _a184 p. | ||
| 500 | _aMeditaciones en el libro de Efesios con oraciones expuestas sobre las ideas principales. | ||
| 650 | _aBiblia-Nuevo Testamento-Efesios | ||
| 942 | _cBK | ||
| 999 |
_c9939 _d9939 |
||